University Home | Library Home | Institutional Repository

Farm Power and Machining Management. (Record no. 172069)

MARC details
000 -LEADER
fixed length control field 00663cam7a220022900 4500
001 - CONTROL NUMBER
control field zam00003260
008 - FIXED-LENGTH DATA ELEMENTS--GENERAL INFORMATION
fixed length control field 951128s1973 xx eng u
035 ## - SYSTEM CONTROL NUMBER
System control number (Sirsi) r20592
035 ## - SYSTEM CONTROL NUMBER
System control number (MACHINE)SLC.
100 ## - MAIN ENTRY--PERSONAL NAME
Personal name Hunt, D.
Linkage A82000.1
245 10 - TITLE STATEMENT
Title Farm Power and Machining Management.
260 ## - PUBLICATION, DISTRIBUTION, ETC.
Date of publication, distribution, etc. 1973.
591 ## -
-- Class code: AE 413.
591 ## -
-- Course: Agriculture Mechanisation.
591 ## -
-- Lecturer: Mr KAMANGA, C.
591 ## -
-- School: S02.
949 ## - LOCAL PROCESSING INFORMATION (OCLC)
a S675
w lcc
i -19404
m MAIN
t BOOK
l ON-SHELF
949 ## - LOCAL PROCESSING INFORMATION (OCLC)
a S675
w lcc
i -19405
m MAIN
t BOOK
l ON-SHELF
900 ## - EQUIVALENCE OR CROSS-REFERENCE-PERSONAL NAME [LOCAL, CANADA]
-- MAIN
Field link and sequence number S675
-- Hun
Titles and other words associated with a name 2
909 ## -
-- Book

No items available.

© 2026 - The University of Zambia Library - Koha v25.11